000 00698nam a2200241 a 4500
001 BRCA_3693
005 20190320204402.0
008 080909s195?----fr-a---###---#000-0#fre-#
041 _afre
044 _afr
050 4 _aNK2547
_b.M483 13
_c1959
245 1 0 _aMeubles te ensembles
_bBressans
_cintroduction par A Germain.
260 _aParis
_bCh Massin
_c[1959]
300 _a1 v. (sin paginación)
_bil., 36 láminas
_c29 cm.
440 0 _aMeubles et ensembles
_v13
_99589
500 _aIncluye lista de láminas
500 _aB330
650 1 4 _aMuebles
_zBresse, Francia
_99590
650 1 4 _aMuebles fraceses
_99591
700 1 _aGermain, A.
_eintrod
_99592
902 _aGFM
942 _2lcc
_cB
999 _c3423
_d3423